200 Most Popular Baby Girl Names Starting with T (2020) - Statistics

General Stats
  • This quiz has been taken 7,488 times
  • The average score is 66 of 200
Answer Stats
Name % Correct
Tea
87%
Tia
86%
Tina
81%
Tara
80%
Terra
80%
Tania
78%
Tanya
78%
Tali
77%
Tayler
76%
Taylor
76%
Teresa
76%
Theresa
76%
Toni
76%
Tahlia
72%
Taleah
72%
Taleigha
72%
Talia
72%
Taliah
72%
Taliya
72%
Taliyah
72%
Talya
72%
Tammy
72%
Tess
72%
Thalia
72%
Tessa
69%
Tori
68%
Torri
68%
Tory
68%
Tamara
67%
Tamera
67%
Tamar
65%
Terri
64%
Taya
63%
Tayah
63%
Teyana
63%
Tiana
63%
Tianna
63%
Tyana
63%
Tyanna
63%
Tabitha
62%
Tillie
62%
Tilly
62%
Thea
59%
Theia
59%
Tracy
59%
Tiffany
56%
Tylar
56%
Tyler
56%
Teodora
52%
Theadora
52%
Theodora
52%
Trinitee
52%
Triniti
52%
Trinity
52%
Tru
52%
True
52%
Theo
49%
Taina
47%
Tana
47%
Tatiana
47%
Tatianna
47%
Tatyana
47%
Tiara
46%
Tierra
46%
Trisha
45%
Tyla
45%
Tylah
45%
Tomi
44%
Tommi
44%
Tommie
44%
Taegan
41%
Teagan
41%
Teagen
41%
Teaghan
41%
Teagyn
41%
Teddi
41%
Teddy
41%
Teegan
41%
Tegan
41%
Teigan
41%
Teigen
41%
Teighan
41%
Tiegan
41%
Therese
36%
Tobi
36%
Toby
36%
Tallulah
35%
Talula
35%
Talulah
35%
Trudy
33%
Tyra
33%
Tala
32%
Tayla
32%
Taylah
32%
Tristan
30%
Tristyn
30%
Tatum
29%
Taytum
29%
Thelma
29%
Truth
28%
Taryn
26%
Taelyn
23%
Taelynn
23%
Tailyn
23%
Tailynn
23%
Taylen
23%
Taylin
23%
Taylyn
23%
Taylynn
23%
Talyn
22%
Talynn
22%
Tate
22%
Tanner
21%
Twila
21%
Twyla
21%
Taylee
20%
Tayleigh
20%
Tensley
20%
Tinslee
20%
Tinsley
20%
Tamia
19%
Tamiya
19%
Tamiyah
19%
Tamsin
19%
Tamya
19%
Tisha
19%
Tova
19%
Trulee
19%
Truly
19%
Tulip
19%
Tenley
17%
Tinlee
17%
Tinley
17%
Tynlee
17%
Treasure
16%
Treazure
16%
Tula
16%
Tennessee
15%
Thora
15%
Thaily
14%
Tylee
14%
Tyleigh
14%
Tylie
14%
Teal
13%
Talaya
12%
Talayah
12%
Tylynn
12%
Tanisha
11%
Temperance
11%
Trust
11%
Tucker
11%
Tesla
10%
Theodosia
10%
Talitha
9%
Tamari
9%
Temari
9%
Timber
9%
Torryn
9%
Toryn
9%
Tymber
9%
Taniya
8%
Taniyah
8%
Tariah
6%
Tariyah
6%
Tennyson
6%
Tigerlily
5%
Tirzah
5%
Tzipora
5%
Tziporah
5%
Tahani
4%
Talani
4%
Taleen
4%
Tanvi
4%
Tasneem
4%
Tasnim
4%
Thanvi
4%
Topanga
4%
Taraji
3%
Tehila
3%
Tehilla
3%
Tenzin
3%
Thais
3%
Tierney
3%
Tahiri
2%
Tahiry
2%
Taisley
2%
Talise
2%
Teresita
2%
Torvi
2%
Tulsi
2%
Tahira
1%
Tanishka
1%
Tanyla
1%
Tsion
1%
Tzippy
1%
Tzivia
1%
Taqwa
0%
Tiaraoluwa
0%
Tyleah
0%
Tzirel
0%
No matching quizzes found
Score Distribution
Percent of People with Each Score
Percentile by Number Answered
Your Score History
You have not taken this quiz